000 00630nam a2200241Ia 4500
003 OSt
005 20221005124602.0
006 a|||||r|||| 00| 0
007 ta
008 221004b |||||||| |||| 00| 0 kan d
024 _a61754
037 _cTextual
040 _aCRL
_cCRL
_bkan
041 _2kan
_akan
082 _aO33,3(Y:351)x, L5
100 _aGowda D.N.Rame Ed.
_9635467
245 0 _aNammurina janapada kathegalu
260 _c1975
650 _a KANNAD LITERATURE
650 _aKANNAD FICTION
942 _hO33,3(Y:351)x, L5
_cTEXL
_2cc
999 _c1050922
_d1050922